[Event "46th GRE-chT Premier 2018"]
[Site "Rio Achaia"]
[Date "2018.07.10"]
[Round "1"]
[White "Liodakis, Konstantinos-Spyros"]
[Black "Michos, Thomas"]
[Result "1/2-1/2"]
[WhiteElo "2183"]
[BlackElo "2211"]
[Annotator "NA"]
[PlyCount "49"]
[EventDate "2018.07.10"]
[EventType "team-tourn"]
[EventCountry "GRE"]
[SourceTitle "playchess.com"]
[Source "ChessBase"]
[SourceQuality "1"]
[TimeControl "40/5400+30:1800+30"]

1. e4 {[%emt 0:00:00]} e5 {[%emt 0:00:00]} 2. Nf3 {[%emt 0:00:00]} Nc6 {[%emt 0:00:00]} 3. Bc4 {[%emt 0:00:00]} Bc5 {[%emt 0:00:00]} 4. b4 {[%emt 0:00:03]} Bxb4 {[%emt 0:00:03]} 5. c3 {[%emt 0:01:54]} Bc5 {[%emt 0:00:23]} 6. d4 {[%emt 0:09:18]} Bb6 {[%emt 0:00:13]} 7. Nxe5 {[%emt 0:12:10]} Nxe5 {[%emt 0:00:12]} 8. dxe5 {[%emt 0:00:05]} Ne7 {[%emt 0:00:06]} 9. Bg5 {[%emt 0:00:56]} O-O {[%emt 0:00:11]} 10. O-O {[%emt 0:00:49]} Qe8 {[%emt 0:00:04]} 11. Kh1 {[%emt 0:11:31]} Ng6 {[%emt 0:20:11]} 12. Bb3 {[%emt 0:08:41]} h6 {[%emt 0:14:53]} 13. Bc1 {[%emt 0:01:39]} Qxe5 {[%emt 0:00:50]} 14. f4 {[%emt 0:04:19]} Qxe4 {[%emt 0:02:14]} 15. f5 {[%emt 0:09:09]} Ne5 {[%emt 0:01:38]} 16. f6 {[%emt 0:03:26]} d6 {[%emt 0:05:07]} 17. fxg7 {[%emt 0:03:15]} Kxg7 {[%emt 0:00:05]} 18. Bf4 {[%emt 0:05:17]} Ng4 {[%emt 0:08:26]} 19. Nd2 {[%emt 0:01:41]} Qd3 {[%emt 0:04:38]} 20. Bc2 {[%emt 0:03:05]} Qxf1+ {[%emt 0:03:14]} 21. Qxf1 {[%emt 0:00:15]} Nf2+ {[%emt 0:00:04]} 22. Kg1 {[%emt 0:00:14]} Nh3+ {[%emt 0:00:09]} 23. Kh1 {[%emt 0:00:05]} Nf2+ {[%emt 0:00:05]} 24. Kg1 {[%emt 0:00:08]} Nh3+ {[%emt 0:00:05]} 25. Kh1 1/2-1/2

[Event "46th GRE-chT Premier 2018"]
[Site "Rio Achaia"]
[Date "2018.07.10"]
[Round "1"]
[White "Nikolaidis, Konstantinos"]
[Black "Shoker, Samy"]
[Result "0-1"]
[WhiteElo "2182"]
[BlackElo "2482"]
[Annotator "TA"]
[PlyCount "108"]
[EventDate "2018.07.10"]
[EventType "team-tourn"]
[EventCountry "GRE"]
[SourceTitle "playchess.com"]
[Source "ChessBase"]
[SourceQuality "1"]

{[%evp 23,108,37,53,60,75,45,50,0,0,0,0,0,0,-19,-8,-2,0,0,-15,-20,0,-18,0,-7,0,-16,0,-14,0,0,-18,-25,-21,-14,-7,-7,-6,-14,-6,-14,-7,-12,0,0,0,0,0,0,0,-2,0,-36,-28,-38,0,0,0,0,0,-107,-115,-141,-141,-184,-184,-183,-159,-410,-410,-403,-401,-410,-408,-401,-396,-375,-349,-468,-424,-457,-337,-337,-337,-308,-242,-263,-245]} 1. d4 g6 2. Nf3 Bg7 3. g3 Nf6 4. Bg2 O-O 5. O-O d6 6. c4 Nbd7 7. Nc3 e5 8. e4 exd4 9. Nxd4 Re8 10. h3 a6 11. Qc2 Rb8 12. Rd1 Qe7 {LiveBook: 12 Games. E68: King's Indian: Fianchetto: 6...Nbd7 7 0-0 e5 8 e4} 13. Bf4 Nc5 {[%cal Rf6e4] [#]} (13... Nh5 14. Be3 {½-½ (14) Yakubboev,N (2462)-Mamedov,R (2709) Moscow 2018}) 14. Rd2 $146 ({Predecessor:} 14. Re1 Nh5 15. Be3 c6 16. Rad1 Nd7 17. b3 Nhf6 18. Bc1 c5 19. Nf3 b5 20. Bf4 {½-½ (60) Vorobiov,E (2586)-Jimenez Fraga,P (2446) Sitges 2012}) 14... h6 {next ...g5 is good for Black.White is slightly better.} ({Don't go for} 14... Ncxe4 $2 15. Re1 $18) ({Don't play} 14... Nfxe4 15. Bxe4 Nxe4 16. Nxe4 $16) 15. Nd5 Nxd5 16. exd5 Bd7 17. Rad1 Qf6 18. Re2 Rxe2 19. Qxe2 Re8 20. Qc2 Qe7 21. b3 Qf8 22. Bc1 {[%cal Bf4c1,Bc1b2,Bb2c3][%mdl 32]} Re7 23. Bb2 Qe8 24. Bc3 Ne4 25. Bb2 Ng5 26. Kh2 h5 27. Nf3 Nxf3+ 28. Bxf3 Bxb2 29. Qxb2 Re5 30. Qd4 Qe7 31. Rd3 Bf5 32. Rc3 Be4 33. Bxe4 Rxe4 34. Re3 Rxe3 35. fxe3 $11 {[%mdl 4096] Endgame KQ-KQ} a5 36. a3 Qd7 37. Qf6 Qe8 38. Qd4 b6 39. Kg2 Qe7 40. Kf2 Qd7 41. Kg2 {[#]} (41. g4 $11) 41... Qf5 $1 $17 {[%cal Rf5c2] Strongly threatening ...Qc2+.} 42. e4 Qg5 43. h4 Qc1 44. e5 Qc2+ ({Much less strong is} 44... Qxa3 45. exd6 Qxd6 46. Kf2 $17) 45. Kh1 $2 (45. Qf2 $17 Qe4+ 46. Qf3 Qxe5 47. a4) 45... Qxb3 $19 46. e6 {[#]} Qf3+ $1 47. Kh2 fxe6 48. dxe6 Qe2+ 49. Kg1 Qxe6 50. Kh2 Qe2+ 51. Kg1 Qe5 52. Qd3 Kg7 53. Kg2 c6 54. Kh2 g5 {Precision: White = 42%, Black = 68%.} 0-1

[Event "46th GRE-chT Premier 2018"]
[Site "Rio Achaia"]
[Date "2018.07.10"]
[Round "1"]
[White "Tsiros, Fragkiskos Vlasios"]
[Black "Ladopoulos, Dimitrios"]
[Result "0-1"]
[WhiteElo "2181"]
[BlackElo "2183"]
[Annotator "NA"]
[PlyCount "111"]
[EventDate "2018.07.10"]
[EventType "team-tourn"]
[EventCountry "GRE"]
[SourceTitle "playchess.com"]
[Source "ChessBase"]
[SourceQuality "1"]
[TimeControl "40/5400+30:1800+30"]

1. e4 {[%emt 0:00:00]} d6 {[%emt 0:00:14]} 2. d4 {[%emt 0:00:00]} Nf6 {[%emt 0:00:24]} 3. Nc3 {[%emt 0:00:48]} c6 {[%emt 0:00:19]} 4. Nf3 {[%emt 0:02:43]} Bg4 {[%emt 0:00:46]} 5. Be2 {[%emt 0:01:42]} Nbd7 {[%emt 0:01:26]} 6. O-O {[%emt 0:03:51]} e5 {[%emt 0:01:01]} 7. Be3 {[%emt 0:04:45]} b5 {[%emt 0:06:40]} 8. a3 {[%emt 0:02:44]} a6 {[%emt 0:10:11]} 9. Nh4 {[%emt 0:07:33]} Bxe2 {[%emt 0:04:34]} 10. Qxe2 {[%emt 0:00:04]} g6 {[%emt 0:02:34]} 11. f4 {[%emt 0:05:46]} exf4 {[%emt 0:10:09]} 12. Bxf4 {[%emt 0:03:31]} Nh5 {[%emt 0:05:09]} 13. Nf5 {[%emt 0:04:48]} Nxf4 {[%emt 0:03:55]} 14. Rxf4 {[%emt 0:01:34]} Qb6 {[%emt 0:04:15]} 15. Re1 {[%emt 0:17:26]} O-O-O {[%emt 0:02:42]} 16. Ng3 {[%emt 0:02:48]} Qxd4+ {[%emt 0:00:49]} 17. Kh1 {[%emt 0:00:03]} Ne5 {[%emt 0:01:42]} 18. a4 {[%emt 0:03:23]} Bh6 {[%emt 0:02:06]} 19. Rff1 {[%emt 0:01:02]} Qd2 {[%emt 0:00:45]} 20. axb5 {[%emt 0:03:31]} Qxe2 {[%emt 0:00:50]} 21. Ncxe2 {[%emt 0:00:55]} axb5 {[%emt 0:00:17]} 22. Nd4 {[%emt 0:01:40]} Rhe8 {[%emt 0:05:18]} 23. Ra1 {[%emt 0:04:20]} Kb7 {[%emt 0:00:45]} 24. Nf3 {[%emt 0:01:01]} Rd7 {[%emt 0:02:43]} 25. b3 {[%emt 0:01:12]} Bf4 {[%emt 0:09:51]} 26. Ne2 {[%emt 0:01:20]} Be3 {[%emt 0:00:33]} 27. Nxe5 {[%emt 0:03:22]} Rxe5 {[%emt 0:03:33]} 28. Ng3 {[%emt 0:00:22]} Rde7 {[%emt 0:03:49]} 29. Rf3 {[%emt 0:01:02]} Bg5 {[%emt 0:01:05]} 30. Rd1 {[%emt 0:03:20]} Kc7 {[%emt 0:00:55]} 31. Rfd3 {[%emt 0:01:13]} R7e6 {[%emt 0:05:42]} 32. Ra1 {[%emt 0:01:14]} Re7 {[%emt 0:03:56]} 33. Ra7+ {[%emt 0:03:49]} Kb6 {[%emt 0:01:23]} 34. Rxe7 {[%emt 0:00:05]} Bxe7 {[%emt 0:00:06]} 35. Rf3 {[%emt 0:00:10]} f6 {[%emt 0:01:30]} 36. h4 {[%emt 0:00:37]} Rc5 {[%emt 0:02:24]} 37. c3 {[%emt 0:01:23]} d5 {[%emt 0:02:43]} 38. exd5 {[%emt 0:01:23]} Rxd5 {[%emt 0:00:42]} 39. h5 {[%emt 0:02:05]} Bd6 {[%emt 0:01:11]} 40. hxg6 {[%emt 0:00:00]} hxg6 {[%emt 0:00:00]} 41. Kg1 {[%emt 0:05:04]} f5 {[%emt 0:03:32]} 42. Ne2 {[%emt 0:03:20]} Bc5+ {[%emt 0:04:46]} 43. Kh2 {[%emt 0:02:20]} Rd2 {[%emt 0:00:17]} 44. Ng3 {[%emt 0:02:16]} Bd6 {[%emt 0:02:21]} 45. Kh3 {[%emt 0:01:02]} Rc2 {[%emt 0:00:26]} 46. Nf1 {[%emt 0:12:33]} Be5 {[%emt 0:00:30]} 47. c4 {[%emt 0:00:49]} bxc4 {[%emt 0:02:51]} 48. bxc4 {[%emt 0:00:12]} Rxc4 {[%emt 0:00:12]} 49. Ne3 {[%emt 0:00:47]} Rc3 {[%emt 0:00:35]} 50. Kh4 {[%emt 0:00:13]} Bd4 {[%emt 0:00:42]} 51. Nf1 {[%emt 0:00:55]} Rxf3 {[%emt 0:00:05]} 52. gxf3 {[%emt 0:00:03]} Bf6+ {[%emt 0:00:12]} 53. Kg3 {[%emt 0:00:04]} Kc5 {[%emt 0:00:17]} 54. Kf4 {[%emt 0:00:03]} Kd4 {[%emt 0:00:26]} 55. Nd2 {[%emt 0:00:04]} c5 {[%emt 0:00:13]} 56. Nb3+ {[%emt 0:00:04] Ke5+} 0-1

[Event "46th GRE-chT Premier 2018"]
[Site "Rio Achaia"]
[Date "2018.07.10"]
[Round "1"]
[White "Tsekmes, Dimitrios"]
[Black "Kouskoutis, Georgios-Alexandros"]
[Result "1/2-1/2"]
[WhiteElo "2170"]
[BlackElo "2307"]
[Annotator "NA"]
[PlyCount "75"]
[EventDate "2018.07.10"]
[EventType "team-tourn"]
[EventCountry "GRE"]
[SourceTitle "playchess.com"]
[Source "ChessBase"]
[SourceQuality "1"]
[TimeControl "40/5400+30:1800+30"]

1. e4 {[%emt 0:00:00]} c5 {[%emt 0:00:00]} 2. Nf3 {[%emt 0:00:00]} g6 {[%emt 0:00:00]} 3. d4 {[%emt 0:00:00]} cxd4 {[%emt 0:00:00]} 4. Nxd4 {[%emt 0:00:05]} Bg7 {[%emt 0:00:00]} 5. c4 {[%emt 0:00:11]} Nc6 {[%emt 0:00:00]} 6. Be3 {[%emt 0:00:11]} Nf6 {[%emt 0:00:08]} 7. Nc3 {[%emt 0:00:10]} O-O {[%emt 0:00:07]} 8. Be2 {[%emt 0:00:17]} d6 {[%emt 0:00:10]} 9. f3 {[%emt 0:00:32]} Nxd4 {[%emt 0:13:12]} 10. Bxd4 {[%emt 0:00:34]} Be6 {[%emt 0:02:09]} 11. O-O {[%emt 0:01:06]} Rc8 12. b3 a6 13. Kh1 Qa5 14. f4 b5 15. f5 Bd7 16. Bxf6 Bxf6 17. Nd5 Bc6 18. Nxf6+ exf6 19. Qxd6 Bxe4 20. fxg6 hxg6 21. Qxf6 Qd2 22. Bf3 Rc6 23. Qh4 Bxf3 24. Rxf3 Rc5 25. Raf1 bxc4 26. bxc4 Qe2 27. Rc1 Qxa2 28. Qd4 Rg5 29. Rf2 Qa3 30. Rcf1 Qc5 31. Qd3 Rg4 32. Rf4 Rxf4 33. Rxf4 Re8 34. g3 Qc6+ 35. Qd5 Qxd5+ 36. cxd5 Rd8 37. Ra4 Rxd5 38. Rxa6 1/2-1/2

[Event "46th GRE-chT Premier 2018"]
[Site "Rio Achaia"]
[Date "2018.07.10"]
[Round "1"]
[White "Hrisomalis, Theodoros"]
[Black "Sigalas, Frangiskos"]
[Result "0-1"]
[WhiteElo "2163"]
[BlackElo "2213"]
[Annotator "NA"]
[PlyCount "116"]
[EventDate "2018.07.10"]
[EventType "team-tourn"]
[EventCountry "GRE"]
[SourceTitle "playchess.com"]
[Source "ChessBase"]
[SourceQuality "1"]
[TimeControl "40/5400+30:1800+30"]

1. e4 {[%emt 0:00:00]} e6 {[%emt 0:00:00]} 2. d4 {[%emt 0:00:00]} d5 {[%emt 0:00:00]} 3. Nd2 {[%emt 0:00:00]} Nf6 {[%emt 0:00:31]} 4. Bd3 {[%emt 0:00:51]} c5 {[%emt 0:01:02]} 5. dxc5 {[%emt 0:05:33]} Bxc5 {[%emt 0:08:22]} 6. Qe2 {[%emt 0:00:47]} Nc6 {[%emt 0:02:01]} 7. Ngf3 {[%emt 0:00:17]} Nb4 {[%emt 0:05:47]} 8. e5 {[%emt 0:00:46]} Nd7 {[%emt 0:01:20]} 9. O-O {[%emt 0:00:33]} Nxd3 {[%emt 0:00:51]} 10. cxd3 {[%emt 0:00:03]} O-O {[%emt 0:05:27]} 11. Nb3 {[%emt 0:03:43]} Be7 {[%emt 0:00:07]} 12. Nfd4 {[%emt 0:03:12]} a5 {[%emt 0:01:18]} 13. a4 {[%emt 0:07:21]} Qb6 {[%emt 0:20:44]} 14. Nb5 {[%emt 0:17:05]} f6 {[%emt 0:13:21]} 15. exf6 {[%emt 0:06:59]} Nxf6 {[%emt 0:04:59]} 16. Bf4 {[%emt 0:02:03]} Ne8 {[%emt 0:02:27]} 17. Be5 {[%emt 0:08:54]} Bd7 {[%emt 0:03:41]} 18. Bd4 {[%emt 0:06:23]} Qd8 {[%emt 0:03:01]} 19. Nc5 {[%emt 0:00:15]} Bxc5 {[%emt 0:00:50]} 20. Bxc5 {[%emt 0:00:01]} Rf7 {[%emt 0:03:50]} 21. Nc3 {[%emt 0:05:27]} b6 {[%emt 0:02:17]} 22. Bd4 {[%emt 0:00:35]} Nd6 {[%emt 0:00:39]} 23. Be5 {[%emt 0:01:35]} Nf5 {[%emt 0:00:59]} 24. Qg4 {[%emt 0:03:27]} Rc8 {[%emt 0:01:54]} 25. Rac1 {[%emt 0:06:16]} Qf8 {[%emt 0:02:04]} 26. Ne2 {[%emt 0:03:55]} b5 {[%emt 0:05:15]} 27. Rxc8 {[%emt 0:01:37]} Qxc8 {[%emt 0:00:06]} 28. Rc1 {[%emt 0:00:11]} Qa6 {[%emt 0:01:43]} 29. Qg5 {[%emt 0:02:55]} Qa8 {[%emt 0:03:31]} 30. axb5 {[%emt 0:03:24]} Bxb5 {[%emt 0:00:15]} 31. Nf4 {[%emt 0:00:28]} Bd7 {[%emt 0:02:02]} 32. Rc7 {[%emt 0:04:44]} Qb8 {[%emt 0:02:14]} 33. g4 {[%emt 0:01:38]} Nd4 {[%emt 0:01:39]} 34. Kg2 {[%emt 0:01:55]} h6 {[%emt 0:00:23]} 35. Qh5 {[%emt 0:02:13]} Qd8 {[%emt 0:00:55]} 36. Rb7 {[%emt 0:02:10]} Nc6 {[%emt 0:00:50]} 37. Ng6 {[%emt 0:00:21]} Be8 {[%emt 0:00:29]} 38. Rb3 {[%emt 0:00:48]} d4 {[%emt 0:00:40]} 39. Rb5 {[%emt 0:00:21]} Nxe5 {[%emt 0:01:19]} 40. Nxe5 {[%emt 0:00:00]} Rf6 {[%emt 0:00:00]} 41. Nf7 {[%emt 0:07:34]} Rxf7 {[%emt 0:01:11]} 42. Rxa5 {[%emt 0:00:26]} Rxf2+ {[%emt 0:00:23]} 43. Kxf2 {[%emt 0:00:01]} Bxh5 44. Rxh5 Qb6 {[%emt 0:00:31]} 45. Re5 {[%emt 0:00:54]} Qxb2+ {[%emt 0:00:15]} 46. Kg3 {[%emt 0:00:04]} Kf7 {[%emt 0:00:33]} 47. Re4 {[%emt 0:00:22]} Qd2 {[%emt 0:00:12]} 48. Rf4+ {[%emt 0:00:16]} Ke7 {[%emt 0:00:16]} 49. Rf3 {[%emt 0:00:01]} g5 {[%emt 0:00:20]} 50. Kh3 {[%emt 0:00:20]} e5 {[%emt 0:00:12]} 51. Rg3 {[%emt 0:00:50]} Qe2 {[%emt 0:00:14]} 52. Rg2 {[%emt 0:00:34]} Qxd3+ {[%emt 0:00:10]} 53. Rg3 {[%emt 0:00:04]} Qf1+ {[%emt 0:00:12]} 54. Rg2 {[%emt 0:00:07]} d3 {[%emt 0:00:12]} 55. Kg3 {[%emt 0:00:05]} Qf4+ {[%emt 0:00:11]} 56. Kh3 {[%emt 0:00:08]} Qf3+ {[%emt 0:00:04]} 57. Rg3 {[%emt 0:00:05]} Qf1+ {[%emt 0:00:04]} 58. Rg2 {[%emt 0:00:05]} d2 {[%emt 0:00:05]} 0-1

[Event "46th GRE-chT Premier 2018"]
[Site "Rio Achaia"]
[Date "2018.07.10"]
[Round "1"]
[White "Korniotis, Filippos"]
[Black "Samaridis, Konstantinos"]
[Result "1/2-1/2"]
[WhiteElo "2163"]
[BlackElo "2103"]
[Annotator "NA"]
[PlyCount "92"]
[EventDate "2018.07.10"]
[EventType "team-tourn"]
[EventCountry "GRE"]
[SourceTitle "playchess.com"]
[Source "ChessBase"]
[SourceQuality "1"]
[TimeControl "40/5400+30:1800+30"]

1. d4 {[%emt 0:00:00]} Nf6 {[%emt 0:00:00]} 2. Nf3 {[%emt 0:00:38]} d5 {[%emt 0:00:00]} 3. c4 {[%emt 0:00:20]} e6 {[%emt 0:00:00]} 4. Nc3 {[%emt 0:00:15]} dxc4 {[%emt 0:00:06]} 5. e3 {[%emt 0:00:28]} a6 {[%emt 0:00:08]} 6. a4 {[%emt 0:01:39]} c5 {[%emt 0:00:06]} 7. Bxc4 {[%emt 0:00:05]} Nc6 {[%emt 0:01:01]} 8. O-O {[%emt 0:00:22]} Be7 {[%emt 0:00:10]} 9. Qd3 {[%emt 0:26:26]} O-O {[%emt 0:04:59]} 10. Rd1 {[%emt 0:00:04]} Qc7 {[%emt 0:01:19]} 11. Qe2 {[%emt 0:10:50]} b6 {[%emt 0:07:31]} 12. h3 {[%emt 0:02:33]} Bb7 {[%emt 0:01:33]} 13. Bd2 {[%emt 0:08:33]} Rfd8 {[%emt 0:06:23]} 14. Be1 {[%emt 0:02:13]} Nb4 {[%emt 0:08:15]} 15. Rac1 {[%emt 0:07:13]} Bxf3 {[%emt 0:13:26]} 16. Qxf3 {[%emt 0:00:05]} cxd4 {[%emt 0:02:50]} 17. Na2 {[%emt 0:11:47]} Nxa2 {[%emt 0:09:00]} 18. Bxa2 {[%emt 0:00:03]} Qe5 {[%emt 0:03:36]} 19. Rxd4 {[%emt 0:00:57]} Bc5 {[%emt 0:01:15]} 20. Rxd8+ {[%emt 0:00:30]} Rxd8 {[%emt 0:00:02]} 21. Qe2 {[%emt 0:09:37]} a5 {[%emt 0:00:57]} 22. Bc3 {[%emt 0:00:05]} Qe4 {[%emt 0:01:04]} 23. Bb1 {[%emt 0:12:58]} Qxa4 {[%emt 0:04:46]} 24. Bxf6 {[%emt 0:00:05]} gxf6 {[%emt 0:00:09]} 25. Qh5 {[%emt 0:00:30]} Kf8 {[%emt 0:01:14]} 26. Qxh7 {[%emt 0:01:33]} Rd1+ {[%emt 0:00:22]} 27. Rxd1 {[%emt 0:00:03]} Qxd1+ {[%emt 0:00:06]} 28. Kh2 {[%emt 0:00:04]} Bd6+ {[%emt 0:00:11]} 29. g3 {[%emt 0:01:27]} Qf1 {[%emt 0:06:31]} 30. Qc2 {[%emt 0:00:26]} Bb4 {[%emt 0:00:17]} 31. Ba2 {[%emt 0:02:18]} Be1 {[%emt 0:18:09]} 32. Bc4 {[%emt 0:00:01]} Qxf2+ {[%emt 0:00:13]} 33. Qxf2 {[%emt 0:00:02]} Bxf2 {[%emt 0:00:20]} 34. e4 {[%emt 0:00:01]} a4 {[%emt 0:02:16]} 35. Bb5 {[%emt 0:00:05]} Bd4 {[%emt 0:00:03]} 36. Bxa4 {[%emt 0:00:04]} Bxb2 {[%emt 0:00:06]} 37. Kg2 {[%emt 0:00:17]} Ke7 {[%emt 0:01:48]} 38. Kf3 {[%emt 0:00:04]} f5 {[%emt 0:00:14]} 39. exf5 {[%emt 0:00:04]} exf5 {[%emt 0:00:09]} 40. g4 {[%emt 0:00:00]} Kf6 {[%emt 0:00:00]} 41. Bb3 {[%emt 0:00:43]} fxg4+ {[%emt 0:00:47]} 42. hxg4 {[%emt 0:00:06]} b5 {[%emt 0:00:11]} 43. Bd5 {[%emt 0:00:12]} b4 {[%emt 0:00:14]} 44. Bb3 {[%emt 0:00:05]} Kg6 {[%emt 0:00:14]} 45. Ke4 {[%emt 0:00:39]} f6 {[%emt 0:01:11]} 46. Be6 {[%emt 0:01:37]} Kg5 {[%emt 0:00:15]} 1/2-1/2

[Event "46th GRE-chT Premier 2018"]
[Site "Rio Achaia"]
[Date "2018.07.10"]
[Round "1"]
[White "Pantazopoulos, Stavros"]
[Black "Azis, Azizis Ektoras"]
[Result "1/2-1/2"]
[WhiteElo "2153"]
[BlackElo "2209"]
[Annotator "NA"]
[PlyCount "87"]
[EventDate "2018.07.10"]
[EventType "team-tourn"]
[EventCountry "GRE"]
[SourceTitle "playchess.com"]
[Source "ChessBase"]
[SourceQuality "1"]
[TimeControl "40/5400+30:1800+30"]

1. d4 {[%emt 0:00:00]} Nf6 {[%emt 0:00:00]} 2. c4 {[%emt 0:00:00]} e6 {[%emt 0:00:00]} 3. Nc3 {[%emt 0:00:00]} Bb4 {[%emt 0:00:00]} 4. e3 {[%emt 0:00:00]} b6 {[%emt 0:00:29]} 5. Nge2 {[%emt 0:00:09]} c5 {[%emt 0:00:52]} 6. a3 {[%emt 0:00:06]} Ba5 {[%emt 0:00:06]} 7. Rb1 {[%emt 0:00:04]} Na6 {[%emt 0:00:42]} 8. g3 {[%emt 0:00:35]} Bb7 {[%emt 0:02:25]} 9. d5 {[%emt 0:00:19]} exd5 {[%emt 0:06:14]} 10. Bg2 {[%emt 0:00:40]} Rb8 {[%emt 0:13:55]} 11. cxd5 {[%emt 0:07:54]} b5 {[%emt 0:09:32]} 12. O-O {[%emt 0:21:57]} b4 {[%emt 0:02:13]} 13. Nb5 {[%emt 0:02:04]} Qb6 {[%emt 0:06:00]} 14. axb4 {[%emt 0:18:50]} Nxb4 {[%emt 0:09:07]} 15. Nbc3 {[%emt 0:07:57]} O-O {[%emt 0:13:37]} 16. Ra1 {[%emt 0:10:02]} Qd8 {[%emt 0:02:46]} 17. e4 {[%emt 0:07:09]} d6 {[%emt 0:01:29]} 18. Bf4 {[%emt 0:05:12]} Ne8 {[%emt 0:09:01]} 19. Nb5 {[%emt 0:06:26]} Bb6 {[%emt 0:06:50]} 20. Nxa7 {[%emt 0:02:34]} Bxa7 {[%emt 0:03:54]} 21. Rxa7 {[%emt 0:00:04]} Ba6 {[%emt 0:01:23]} 22. Bd2 {[%emt 0:05:07]} Qb6 {[%emt 0:03:00]} 23. Re7 {[%emt 0:00:16]} Nd3 {[%emt 0:01:05]} 24. Bc3 {[%emt 0:00:36]} Nxb2 {[%emt 0:01:12]} 25. Qd2 {[%emt 0:00:30]} Nc4 {[%emt 0:02:51]} 26. Qa2 {[%emt 0:02:32]} Ne5 {[%emt 0:02:28]} 27. Ra1 {[%emt 0:00:25]} Bc4 {[%emt 0:01:07]} 28. Qd2 {[%emt 0:00:36]} Nc7 {[%emt 0:00:40]} 29. Bxe5 {[%emt 0:01:41]} dxe5 {[%emt 0:00:21]} 30. Rxe5 {[%emt 0:00:23]} Qf6 {[%emt 0:01:04]} 31. f4 {[%emt 0:00:23]} Rbe8 {[%emt 0:00:27]} 32. Rc1 {[%emt 0:00:34]} Bxe2 {[%emt 0:00:30]} 33. Qxe2 {[%emt 0:00:47]} Rxe5 {[%emt 0:00:07]} 34. fxe5 {[%emt 0:00:04]} Qxe5 {[%emt 0:00:08]} 35. Rxc5 {[%emt 0:00:50]} Ne8 {[%emt 0:01:01]} 36. Qd2 {[%emt 0:00:40]} Nd6 {[%emt 0:00:39]} 37. Qc3 {[%emt 0:00:17]} f6 {[%emt 0:00:38]} 38. Qxe5 {[%emt 0:00:28]} fxe5 {[%emt 0:00:02]} 39. Rc6 {[%emt 0:00:23]} Rf6 {[%emt 0:00:52]} 40. Rc7 {[%emt 0:00:00]} Kf8 {[%emt 0:00:00]} 41. Rc6 {[%emt 0:15:32]} h6 {[%emt 0:01:38]} 42. Ra6 {[%emt 0:04:22]} Ke7 {[%emt 0:03:48]} 43. Ra7+ {[%emt 0:00:11]} Kf8 {[%emt 0:00:07]} 44. Ra6 {[%emt 0:00:08]} 1/2-1/2

[Event "46th GRE-chT Premier 2018"]
[Site "Rio Achaia"]
[Date "2018.07.10"]
[Round "1"]
[White "Makropoulou, Marina"]
[Black "Michna, Marta"]
[Result "1/2-1/2"]
[WhiteElo "2135"]
[BlackElo "2322"]
[Annotator "NA"]
[PlyCount "33"]
[EventDate "2018.07.10"]
[EventType "team-tourn"]
[EventCountry "GRE"]
[SourceTitle "playchess.com"]
[Source "ChessBase"]
[SourceQuality "1"]
[TimeControl "40/5400+30:1800+30"]

1. e4 {[%emt 0:00:00]} e6 {[%emt 0:00:00]} 2. d4 {[%emt 0:00:00]} d5 {[%emt 0:00:00]} 3. Nc3 {[%emt 0:00:00]} Bb4 {[%emt 0:00:51]} 4. e5 {[%emt 0:00:12]} Ne7 {[%emt 0:00:33]} 5. Bd2 {[%emt 0:02:39]} c5 {[%emt 0:00:23]} 6. a3 {[%emt 0:10:55]} Bxc3 {[%emt 0:01:03]} 7. Bxc3 {[%emt 0:00:05]} cxd4 {[%emt 0:00:54]} 8. Bxd4 {[%emt 0:01:04]} Nbc6 {[%emt 0:00:17]} 9. Nf3 {[%emt 0:00:36]} Nxd4 {[%emt 0:10:08]} 10. Qxd4 {[%emt 0:00:58]} Nc6 {[%emt 0:01:52]} 11. Qe3 {[%emt 0:04:58]} d4 {[%emt 0:08:56]} 12. Qf4 {[%emt 0:19:46]} Qa5+ {[%emt 0:04:10]} 13. Qd2 {[%emt 0:00:19]} Qd5 {[%emt 0:00:19]} 14. Qf4 {[%emt 0:01:08]} Qa5+ {[%emt 0:20:55]} 15. Qd2 {[%emt 0:00:06]} Qd5 {[%emt 0:00:29]} 16. Qf4 {[%emt 0:00:06]} Qa5+ {[%emt 0:03:17]} 17. Qd2 1/2-1/2

[Event "46th GRE-chT Premier 2018"]
[Site "Rio Achaia"]
[Date "2018.07.10"]
[Round "1"]
[White "Krallis, Christos"]
[Black "Petrakis, Stylianos"]
[Result "1-0"]
[WhiteElo "2132"]
[BlackElo "2024"]
[Annotator "NA"]
[PlyCount "53"]
[EventDate "2018.07.10"]
[EventType "team-tourn"]
[EventCountry "GRE"]
[SourceTitle "playchess.com"]
[Source "ChessBase"]
[SourceQuality "1"]
[TimeControl "40/5400+30:1800+30"]

1. c4 {[%emt 0:00:00]} Nf6 {[%emt 0:00:00]} 2. Nc3 {[%emt 0:00:00]} g6 {[%emt 0:00:00]} 3. e4 {[%emt 0:00:00]} d6 {[%emt 0:00:11]} 4. Nge2 {[%emt 0:00:05]} Bg7 {[%emt 0:00:15]} 5. g3 {[%emt 0:00:27]} O-O {[%emt 0:00:49]} 6. Bg2 {[%emt 0:00:04]} c5 {[%emt 0:03:15]} 7. O-O {[%emt 0:00:23]} Nc6 {[%emt 0:00:23]} 8. d3 {[%emt 0:00:11]} a6 {[%emt 0:01:31]} 9. a3 {[%emt 0:00:33]} Rb8 {[%emt 0:02:04]} 10. Rb1 {[%emt 0:00:09]} Bd7 {[%emt 0:01:27]} 11. b4 {[%emt 0:01:25]} cxb4 {[%emt 0:16:39]} 12. axb4 {[%emt 0:00:11]} b5 {[%emt 0:03:00]} 13. cxb5 {[%emt 0:00:41]} axb5 {[%emt 0:00:04]} 14. Qb3 {[%emt 0:16:04]} Ne8 {[%emt 0:12:45]} 15. Be3 {[%emt 0:03:54]} e5 {[%emt 0:14:54]} 16. Nd5 {[%emt 0:08:12]} Be6 {[%emt 0:13:19]} 17. f4 {[%emt 0:04:25]} Ne7 {[%emt 0:04:14]} 18. Rbc1 {[%emt 0:07:42]} Kh8 {[%emt 0:15:48]} 19. Nec3 {[%emt 0:07:28]} Nc7 {[%emt 0:05:36]} 20. Qd1 {[%emt 0:04:09]} Na6 {[%emt 0:02:58]} 21. Nxe7 {[%emt 0:01:07]} Qxe7 {[%emt 0:00:06]} 22. f5 {[%emt 0:00:04]} Bd7 {[%emt 0:01:07]} 23. Nd5 {[%emt 0:00:40]} Qd8 {[%emt 0:00:21]} 24. f6 {[%emt 0:00:05]} Bxf6 {[%emt 0:00:31]} 25. Nxf6 {[%emt 0:00:46]} Nxb4 {[%emt 0:00:38]} 26. Qd2 {[%emt 0:00:25]} Na6 {[%emt 0:00:26]} 27. Bh6 {[%emt 0:01:03]} 1-0

[Event "46th GRE-chT Premier 2018"]
[Site "Rio Achaia"]
[Date "2018.07.10"]
[Round "1"]
[White "Mavrikakis, Georgios"]
[Black "Ilandzis, Spyridon"]
[Result "0-1"]
[WhiteElo "2127"]
[BlackElo "1980"]
[Annotator "NA"]
[PlyCount "68"]
[EventDate "2018.07.10"]
[EventType "team-tourn"]
[EventCountry "GRE"]
[SourceTitle "playchess.com"]
[Source "ChessBase"]
[SourceQuality "1"]
[TimeControl "40/5400+30:1800+30"]

1. e4 c5 2. Nf3 d6 3. d4 cxd4 4. Qxd4 a6 5. h3 Nf6 6. Be2 e6 7. O-O Be7 8. c4 O-O 9. Nc3 Nbd7 10. Bg5 Qc7 11. Rfd1 b6 12. Bh4 Bb7 13. Bg3 e5 14. Qe3 Nc5 15. Nd2 Ne6 16. Nb3 Nd7 17. h4 Ndc5 18. Bf3 Nxb3 19. axb3 Nd4 20. Rxd4 exd4 21. Qxd4 Rad8 22. Rd1 Qc5 23. Qd3 Rfe8 24. h5 Qb4 25. Ne2 b5 26. Nd4 g6 27. cxb5 axb5 28. Qxb5 Qxb5 29. Nxb5 gxh5 30. Bxh5 Bxe4 31. Bf4 Rd7 32. Re1 Bc6 33. Nxd6 Rxd6 34. Bxd6 Bxd6 0-1